[Event "Chinese League Div-A Final-KO 2023"]
[Site "Xiongan"]
[Date "2023.12.03"]
[Round "2.8"]
[White "Zeng, Chongsheng"]
[Black "Zhang, Zhong"]
[Result "1-0"]
[WhiteElo "2577"]
[BlackElo "2578"]
[Annotator "ChessBase"]
[PlyCount "103"]
[EventDate "2023.12.02"]
[EventCountry "CHN"]
[SourceTitle "playchess.com"]
[Source "ChessBase"]
[SourceQuality "1"]

1. d4 Nf6 2. c4 e6 3. g3 d5 4. Nf3 Bb4+ 5. Bd2 Be7 6. Bg2 O-O 7. Qc2 c6 8. O-O Nbd7 9. Bf4 a5 10. Nbd2 Nh5 11. Be3 Nhf6 12. Bf4 Nh5 13. Be3 Nhf6 14. Bg5 h6 15. Bxf6 Nxf6 16. Rad1 a4 17. a3 Qa5 18. Rfe1 b6 19. e4 Ba6 20. Ne5 Rfc8 21. Bh3 dxc4 22. Nxf7 Kxf7 23. Nxc4 Bxc4 24. Qxc4 Kf8 25. Bxe6 g6 26. Bxc8 Rxc8 27. Qe6 Rc7 28. e5 Ng8 29. Qxg6 Qd5 30. Re4 Bg5 31. h4 Rg7 32. Qd6+ Qxd6 33. exd6 Bd8 34. Rc1 Nf6 35. Rf4 Ke8 36. Rxc6 Nd5 37. Re4+ Kd7 38. Rc4 Nf6 39. Rf4 Ne8 40. Rxa4 Nxd6 41. Ra7+ Bc7 42. Rf6 Rh7 43. d5 h5 44. Ra8 Nc8 45. a4 Ne7 46. d6 Bxd6 47. a5 bxa5 48. Rxa5 Rh8 49. Ra7+ Bc7 50. Rf7 Re8 51. Rh7 Kc6 52. Rh6+ 1-0

[Event "Chinese League Div-A Final-KO 2023"]
[Site "Xiongan"]
[Date "2023.12.03"]
[Round "2.9"]
[White "Ju, Wenjun"]
[Black "Wang, Chuqiao"]
[Result "1-0"]
[WhiteElo "2560"]
[BlackElo "2215"]
[Annotator "ChessBase"]
[PlyCount "77"]
[EventDate "2023.12.02"]
[EventCountry "CHN"]
[SourceTitle "playchess.com"]
[Source "ChessBase"]
[SourceQuality "1"]

1. e4 e5 2. Nf3 Nc6 3. Bb5 a6 4. Ba4 Nf6 5. O-O Be7 6. d3 b5 7. Bb3 d6 8. a3 O-O 9. Nc3 Be6 10. Nd5 Na5 11. Nxf6+ Bxf6 12. Bxe6 fxe6 13. b4 Nc6 14. c3 Qd7 15. Be3 Ne7 16. h4 Rac8 17. h5 Nc6 18. Nd2 Qe7 19. Qg4 Kh8 20. a4 g6 21. g3 Rg8 22. Nf3 gxh5 23. Qxh5 Qe8 24. Qxe8 Rgxe8 25. axb5 axb5 26. Ra6 Nd8 27. Rfa1 Rb8 28. Kf1 Kg7 29. Ke2 h5 30. d4 exd4 31. cxd4 Rb7 32. Rc1 Nf7 33. Nd2 e5 34. d5 h4 35. gxh4 Bxh4 36. Nb3 Bd8 37. Ra8 Rb6 38. Na5 Ng5 39. Rg1 1-0

[Event "Chinese League Div-A Final-KO 2023"]
[Site "Xiongan"]
[Date "2023.12.03"]
[Round "2.10"]
[White "Huang, Qian"]
[Black "Ni, Shiqun"]
[Result "1/2-1/2"]
[WhiteElo "2410"]
[BlackElo "2311"]
[Annotator "RC"]
[PlyCount "50"]
[EventDate "2023.12.02"]
[EventCountry "CHN"]
[SourceTitle "playchess.com"]
[Source "ChessBase"]
[SourceQuality "1"]

1. Nf3 d5 2. e3 Nf6 3. c4 dxc4 4. Bxc4 e6 5. d4 c5 6. O-O a6 7. dxc5 Bxc5 8. Qxd8+ Kxd8 9. Be2 Ke7 10. Ne5 Nbd7 11. Nd3 Bd6 12. a4 Nc5 13. Nd2 Bd7 14. b3 Rhd8 15. Nxc5 Bxc5 16. Bf3 Rab8 17. Nc4 Bc6 18. Bxc6 bxc6 19. Na5 Rd6 20. Bb2 Bb4 21. Nc4 Rd3 22. Ne5 Rd6 23. Nc4 Rd3 24. Ne5 Rd6 25. Nc4 Rd3 1/2-1/2

[Event "Chinese League Div-A Final-KO 2023"]
[Site "Xiongan"]
[Date "2023.12.03"]
[Round "2.11"]
[White "Wang, Shixu B"]
[Black "Nie, Xinyang"]
[Result "1-0"]
[WhiteElo "2409"]
[BlackElo "2438"]
[Annotator "RC"]
[PlyCount "73"]
[EventDate "2023.12.02"]
[EventCountry "CHN"]
[SourceTitle "playchess.com"]
[Source "ChessBase"]
[SourceQuality "1"]

1. c4 e6 2. g3 d5 3. Bg2 c6 4. Qc2 Nd7 5. d4 b5 6. c5 e5 7. dxe5 Nxe5 8. Nd2 Qe7 9. b4 a5 10. Ngf3 Nxf3+ 11. Nxf3 axb4 12. Be3 Nh6 13. O-O Nf5 14. Bd4 Ra3 15. Bb2 Ra4 16. e4 dxe4 17. Ne5 f6 18. Nxc6 Qe6 19. Rae1 e3 20. g4 b3 21. Qxf5 Qxf5 22. gxf5 Bxc5 23. axb3 Rg4 24. h3 Rxg2+ 25. Kxg2 Bb7 26. f3 Bxc6 27. Rc1 e2 28. Rh1 Bb4 29. Rxc6 Kd7 30. Re6 e1=Q 31. Rhxe1 Bxe1 32. Rxe1 Rc8 33. Ba3 g6 34. Re7+ Kd8 35. Rxh7 Rc2+ 36. Kg3 gxf5 37. Be7+ 1-0

[Event "Chinese League Div-A Final-KO 2023"]
[Site "Xiongan"]
[Date "2023.12.03"]
[Round "2.12"]
[White "Wan, Yunguo"]
[Black "Wang, Yue"]
[Result "1/2-1/2"]
[WhiteElo "2508"]
[BlackElo "2659"]
[Annotator "TA"]
[PlyCount "61"]
[EventDate "2023.12.02"]
[EventCountry "CHN"]
[SourceTitle "playchess.com"]
[Source "ChessBase"]
[SourceQuality "1"]

{[%evp 12,61,15,12,32,20,39,14,8,12,14,5,10,9,12,4,7,12,5,4,2,0,14,6,13,0,0,0,0,-11,-2,-12,35,33,23,0,0,0,0,0,0,0,0,0,0,0,0,0,0,0,0,0]} 1. e4 e5 2. Nf3 Nc6 3. Bb5 Nf6 {[%cal Bg8f6,Bf6e4,Be4d6,Bd6f5,Bf5d4,Bd4c6][%mdl 32]} 4. O-O {[%cal Bh1f1,Bf1e1,Be1e5][%mdl 32]} Nxe4 5. Re1 Nd6 6. Nxe5 Be7 7. Bf1 Nf5 {C67: Ruy Lopez: Berlin Defence: 4 0-0 Nxe4.} 8. Bd3 Nfd4 9. c3 Nxe5 10. Rxe5 Nc6 11. Re1 d5 {[%cal Bd7d5,Bd5d4][%mdl 32]} 12. Bc2 d4 13. Be4 O-O 14. d3 Be6 {[#]} 15. Bf4 $146 ({Predecessor:} 15. Nd2 Bd5 16. Nf3 dxc3 17. bxc3 Re8 18. d4 Bxe4 19. Rxe4 Qd7 20. Qc2 Bd6 21. Bd2 Rxe4 22. Qxe4 {½-½ Florea,M (2457)-Jasinski,M (2407) Champion's League 17/Chall 3 email 2015 [2]}) 15... Bd6 16. Bxd6 Qxd6 17. c4 Rfe8 18. Na3 a6 19. Nc2 Rad8 20. Qh5 g6 21. Qg5 Kg7 (21... Ne5 $11 {deserves consideration.}) 22. Bxc6 (22. b4 {is more complex.} Bd7 23. a4 f5 24. Bxc6 Bxc6 25. Qh4) 22... f6 23. Qg3 Qxc6 {The position is equal.} 24. Re4 Qb6 25. Rae1 c5 26. h4 {[%cal Ob2b4]} Qd6 (26... Qxb2 $2 27. Rxe6 Rxe6 28. Qc7+ Kh6 29. Rxe6 $18) 27. Qxd6 Rxd6 28. b4 b6 29. bxc5 bxc5 30. Na1 Kf7 31. Nb3 {An even fight not without its subleties.   Weighted Error Value: White=0.05 (flawless) /Black=0.05 (flawless)} 1/2-1/2

[Event "Chinese League Div-A Final-KO 2023"]
[Site "Xiongan"]
[Date "2023.12.03"]
[Round "2.13"]
[White "Dai, Changren"]
[Black "Peng, Xiongjian"]
[Result "1/2-1/2"]
[WhiteElo "2491"]
[BlackElo "2525"]
[Annotator "ChessBase"]
[PlyCount "153"]
[EventDate "2023.12.02"]
[EventCountry "CHN"]
[SourceTitle "playchess.com"]
[Source "ChessBase"]
[SourceQuality "1"]

1. e4 c5 2. Nf3 Nc6 3. d4 cxd4 4. Nxd4 g6 5. c4 Nf6 6. Nc3 d6 7. Be2 Nxd4 8. Qxd4 Bg7 9. Be3 Be6 10. O-O O-O 11. Qd3 Nd7 12. b3 Nc5 13. Qc2 f5 14. Rad1 Qa5 15. Nd5 Nxe4 16. Nxe7+ Kh8 17. Bf3 Rfe8 18. Nd5 Rac8 19. Bxe4 fxe4 20. Qe2 Be5 21. Nf4 Bf7 22. Bd4 Kg8 23. Bxe5 Qxe5 24. Qd2 Rc6 25. Rfe1 b5 26. cxb5 Qxb5 27. Rc1 Re5 28. Rxc6 Qxc6 29. Rc1 Rc5 30. Rxc5 dxc5 31. Ne2 c4 32. b4 Qa4 33. h4 h6 34. Kh2 Qe8 35. g3 Qe5 36. Nc3 g5 37. hxg5 hxg5 38. Qe3 Bg6 39. a3 Qe7 40. Qd4 Qf7 41. Kg1 Kh7 42. Nd5 e3 43. Nxe3 Bd3 44. Kg2 Qb7+ 45. f3 Qe7 46. Kf2 Kg6 47. Ke1 Qc7 48. f4 Qc6 49. fxg5 Qh1+ 50. Kd2 Qb1 51. Qf6+ Kh7 52. g6+ Bxg6 53. Qh4+ Kg7 54. Qxc4 Qb2+ 55. Nc2 Qb1 56. Qc3+ Kh7 57. Nd4 Qa2+ 58. Ke3 a6 59. Kf4 Qf7+ 60. Ke5 Qe8+ 61. Kd6 Qd8+ 62. Kc5 Be4 63. Nc6 Bxc6 64. Qc2+ Kh6 65. Qh2+ Kg6 66. Kxc6 Qe8+ 67. Kb6 Qe3+ 68. Kb7 Qe4+ 69. Kxa6 Qd3+ 70. Kb6 Qd4+ 71. Kb5 Qd5+ 72. Ka4 Qd1+ 73. Ka5 Qd8+ 74. Ka6 Qd6+ 75. Ka5 Qd8+ 76. Ka4 Qd1+ 77. Ka5 1/2-1/2

[Event "Chinese League Div-A Final-KO 2023"]
[Site "Xiongan"]
[Date "2023.12.03"]
[Round "2.14"]
[White "Sun, Fanghui"]
[Black "Xiao, Yiyi"]
[Result "0-1"]
[WhiteElo "2125"]
[BlackElo "2343"]
[Annotator "ChessBase"]
[PlyCount "114"]
[EventDate "2023.12.02"]
[EventCountry "CHN"]
[SourceTitle "playchess.com"]
[Source "ChessBase"]
[SourceQuality "1"]

1. e4 c6 2. Nc3 d5 3. Nf3 dxe4 4. Nxe4 Nf6 5. Qe2 Nxe4 6. Qxe4 Qd5 7. Qf4 Qf5 8. d3 Qxf4 9. Bxf4 Bf5 10. O-O-O Nd7 11. h3 e6 12. g4 Bg6 13. Nh4 Be7 14. Bg3 Nb6 15. Bg2 Nd5 16. Kb1 O-O-O 17. a3 Rd7 18. Rhe1 Nf4 19. Bf1 Bd6 20. Nf3 h5 21. Ne5 Bxe5 22. Rxe5 f6 23. Ree1 e5 24. g5 Rd4 25. Ka2 h4 26. Bh2 Bf7+ 27. b3 Ne6 28. gxf6 gxf6 29. Be2 Bh5 30. Bxh5 Rxh5 31. c3 Rd7 32. d4 Rf5 33. f4 Nxf4 34. Rf1 Nd5 35. Rxf5 Nxc3+ 36. Kb2 Nxd1+ 37. Kc1 Rxd4 38. Rxf6 Rd5 39. Rf5 Ne3 40. Rxe5 Rd1+ 41. Kb2 Nc4+ 42. bxc4 Rd2+ 43. Kc3 Rxh2 44. Re3 c5 45. Kd3 Kd7 46. a4 Kd6 47. Ke4 Rc2 48. Kf5 Rxc4 49. a5 Rb4 50. Re6+ Kd5 51. a6 c4 52. Re5+ Kd4 53. Re4+ Kd3 54. Rxh4 Rb5+ 55. Ke6 bxa6 56. Rh7 c3 57. Rd7+ Kc4 0-1

[Event "Chinese League Div-A Final-KO 2023"]
[Site "Xiongan"]
[Date "2023.12.03"]
[Round "2.15"]
[White "Zhang, Xiaowen"]
[Black "Zhang, Lanlin"]
[Result "0-1"]
[WhiteElo "2261"]
[BlackElo "2251"]
[Annotator "RC"]
[PlyCount "90"]
[EventDate "2023.12.02"]
[EventCountry "CHN"]
[SourceTitle "playchess.com"]
[Source "ChessBase"]
[SourceQuality "1"]

1. e4 e5 2. Nf3 Nc6 3. Nc3 Nf6 4. d4 exd4 5. Nxd4 d6 6. Bb5 Bd7 7. Bxc6 bxc6 8. Qf3 Rb8 9. e5 dxe5 10. Nxc6 e4 11. Nxe4 Bxc6 12. Nxf6+ Qxf6 13. Qe3+ Be7 14. O-O O-O 15. Qxa7 Qg6 16. f3 Qxc2 17. Qxc7 Bc5+ 18. Kh1 Qe2 19. Bh6 Rb7 20. b4 Rxb4 21. Qg3 Rb2 22. Rae1 Bd4 23. a4 Qb5 24. Bc1 Qh5 25. Bf4 Ra2 26. Re3 Bxa4 27. Re4 Bf2 28. Qg5 Qxg5 29. Bxg5 Re8 30. Rxe8+ Bxe8 31. Bf4 f6 32. h3 g5 33. Bd6 h5 34. Kh2 Kf7 35. Rb1 Bc6 36. Kh1 Bd4 37. Rc1 Ba8 38. Rd1 Be5 39. Bc5 g4 40. hxg4 hxg4 41. Rd3 Ra1+ 42. Bg1 Bg3 43. Rd7+ Ke6 44. Rd2 gxf3 45. Re2+ Be5 0-1

[Event "Chinese League Div-A Final-KO 2023"]
[Site "Xiongan"]
[Date "2023.12.03"]
[Round "2.16"]
[White "Xu, Jun"]
[Black "Wang, Hao"]
[Result "0-1"]
[WhiteElo "2470"]
[BlackElo "2694"]
[Annotator "TA"]
[PlyCount "106"]
[EventDate "2023.12.02"]
[EventCountry "CHN"]
[SourceTitle "playchess.com"]
[Source "ChessBase"]
[SourceQuality "1"]

{[%evp 10,106,25,22,27,3,23,10,24,19,14,7,26,21,20,22,21,37,35,24,43,33,22,24,58,51,68,53,58,61,70,67,79,79,94,80,70,76,84,70,83,33,32,0,0,0,0,0,0,0,0,0,109,94,96,-96,-104,-107,-112,-125,-112,-144,-113,-195,-200,-265,-265,-514,-511,-510,-510,-500,-503,-503,-503,-483,-216,-227,-226,-195,-191,-147,-147,-146,0,-560,-541,-470,-517,-657,-407,-29977,-29978,-29978,-29979,-29978,-29979,-29979,-29980]} 1. d4 Nf6 2. c4 e6 3. Nf3 d5 4. Nc3 dxc4 5. e3 a6 6. a4 b6 {D24: Queen's Gambit Accepted: 3 Nf3 Nf6 4 Nc3.} 7. Bxc4 Bb7 8. O-O {[%cal Oe3e4]} Bb4 {The position is equal.} 9. Qe2 O-O 10. Rd1 Nbd7 11. Bd3 Qe7 12. e4 e5 13. d5 Nc5 14. Bc2 {Wards off Nb3} Rfd8 15. Bg5 {[%cal Bc1g5,Bg5h4,Bh4g3][%mdl 32]} h6 16. Bh4 {[#]} g5 $146 ({Predecessor:} 16... c6 17. dxc6 Bxc6 18. Nd5 Bxd5 19. exd5 Ncd7 20. Bf5 Bd6 21. Nd2 g6 22. Bxd7 Rxd7 23. Bxf6 Qxf6 24. Qe3 Bf8 25. Ne4 Qd8 26. Nc3 Bg7 {½-½ Priyanka,N (2318)-Stelmaszyk,N (2387) Walsrode Chessemy op-A 2023 (9)}) 17. Bg3 Nh5 18. Na2 (18. Bxe5 $6 g4 19. Bd4 gxf3 20. Qxf3 Qg5 $11) 18... a5 19. Nxb4 (19. Bxe5 g4 20. Bd4 (20. Nxb4 $2 gxf3 21. Qxf3 Qxe5 $17) 20... gxf3 21. Qxf3 Qg5 $11) 19... axb4 20. Qc4 (20. Nxe5 $2 Nxg3 21. hxg3 Qxe5 $19) (20. Bxe5 b3 21. Bb1 g4 $11) 20... Nxg3 21. hxg3 Nd7 22. Bd3 (22. Qxc7 $6 Ba6 23. Bb3 Rdc8 $11) 22... Ba6 23. Qc2 {Strongly threatening Bxa6.} (23. Qxc7 Bxd3 24. Rxd3 Rdc8 $17) 23... Bxd3 24. Qxd3 Nc5 {[%csl LRa4,LRd3]} 25. Qc2 ({Better is} 25. Qc4 $1 $16) 25... b3 $1 $14 26. Qc4 Ra5 27. Nd2 Rda8 $36 {[%cal Ra5a4][%mdl 2048] Black fights for an advantage.} 28. Nxb3 Rxa4 29. Rxa4 Rxa4 30. Qb5 {Hoping for Nxc5.} Rxe4 {[#]} (30... Qd7 $1 $11 {keeps the balance.} 31. Qxd7 Nxd7) 31. d6 $1 {[%mdl 576] Deflection} cxd6 32. Qxb6 $2 (32. f3 $1 $16 {[%cal Rf3e4] is forced if you want to stay better.} Nxb3 33. fxe4) 32... Nxb3 $17 33. Qxb3 Rd4 $1 34. Rxd4 exd4 {[%mdl 4096] Endgame KQ-KQ} 35. Kf1 Qe4 $1 {Dodges Qd3} 36. f3 {[#]} (36. Qb4 $17 {was called for.}) 36... Qb1+ $1 $19 37. Ke2 Qg1 38. Kd3 $2 (38. g4 {was the only chance.}) 38... Qe3+ 39. Kc2 {Black must now prevent Qxe3.} Qe2+ 40. Kc1 Qxg2 41. Qb8+ Kg7 42. Qxd6 Qg1+ ({Weaker is} 42... Qxf3 43. Qxd4+ Kg6 44. Qd6+ Qf6 45. Qd3+ Qf5 46. Qd6+ f6 47. b4 $17) (42... Qf1+ $142 43. Kc2 Qe2+ 44. Kb3 Qxf3+ 45. Kc4 Qe2+ 46. Kxd4 Qxb2+ 47. Ke3 Qc3+ 48. Ke2 h5) 43. Kc2 Qf2+ 44. Kb1 Qe3 {Prevents Qe5+. aiming for ...d3.} 45. Qc5 Qg1+ 46. Ka2 Qe3 {Prevents Qe5+.} (46... Qf2 $17 {And now ...Kg6 would win.} 47. Qe5+ Kg6 48. Qe4+ Kf6 49. Qc6+ Kg7) 47. b4 $2 {[%mdl 8192]} (47. Kb1 $1 $11 {and White stays safe.}) 47... Qe2+ ({Worse is} 47... Qxf3 48. Qxd4+ Kg6 49. b5 $15) 48. Kb1 d3 ({Inferior is} 48... Qxf3 49. Qxd4+ Kh7 50. Qc4 $17) 49. Qd4+ Kh7 {( -> ...d2)} 50. Qe4+ (50. Qc4 $19 Kg6 51. g4) 50... Qxe4 {Black mates.} 51. fxe4 {[#]} h5 $1 52. b5 h4 53. gxh4 g4 {Weighted Error Value: White=0.41/Black=0.22 (precise)} 0-1

[Event "Chinese League Div-A Final-KO 2023"]
[Site "Xiongan"]
[Date "2023.12.03"]
[Round "2.17"]
[White "Zhou, Weiqi"]
[Black "Chen, Qi b"]
[Result "1-0"]
[WhiteElo "2593"]
[BlackElo "2463"]
[Annotator "ChessBase"]
[PlyCount "85"]
[EventDate "2023.12.02"]
[EventCountry "CHN"]
[SourceTitle "playchess.com"]
[Source "ChessBase"]
[SourceQuality "1"]

1. Nf3 Nf6 2. c4 g6 3. Nc3 Bg7 4. d4 d5 5. e3 O-O 6. b4 Be6 7. c5 Nbd7 8. Bb2 Bg4 9. Be2 c6 10. Qb3 Re8 11. Ne5 Bxe2 12. Nxe2 a5 13. Nxd7 Qxd7 14. O-O e5 15. b5 Ne4 16. Rfd1 exd4 17. Bxd4 Bf8 18. Rac1 h5 19. Ba1 Bh6 20. Nf4 Qf5 21. Qb2 Kh7 22. Qc2 Qg5 23. Rb1 Qe7 24. Bd4 Bg7 25. Bxg7 Kxg7 26. bxc6 bxc6 27. Rb6 Rec8 28. Qb2+ Kg8 29. Nd3 Rc7 30. Qd4 Kh7 31. Rdb1 Re8 32. Rb8 Rxb8 33. Rxb8 f6 34. f3 Ng5 35. Nf4 Ne6 36. Nxe6 Qxe6 37. Kf2 Kg7 38. h4 Qf5 39. a4 Qc2+ 40. Kg3 Re7 41. Rc8 Re6 42. Rc7+ Kg8 43. Rxc6 1-0

[Event "Chinese League Div-A Final-KO 2023"]
[Site "Xiongan"]
[Date "2023.12.03"]
[Round "2.18"]
[White "Wei, Yi"]
[Black "Ye, Jiangchuan"]
[Result "1-0"]
[WhiteElo "2729"]
[BlackElo "2603"]
[Annotator "TA"]
[PlyCount "71"]
[EventDate "2023.12.02"]
[EventCountry "CHN"]
[SourceTitle "playchess.com"]
[Source "ChessBase"]
[SourceQuality "1"]

{[%evp 17,71,-1,0,0,19,19,39,31,42,14,10,11,35,46,38,29,43,36,102,102,350,342,587,592,572,578,591,573,597,595,590,591,578,570,711,710,704,701,781,775,732,729,675,667,648,642,612,609,707,678,907,897,888,886,29975,29977]} 1. e4 e5 2. Nf3 Nc6 3. Bc4 Bc5 4. c3 Nf6 5. d4 exd4 6. e5 d5 7. Bb5 Ne4 8. cxd4 Bb6 {The main line 8...Bb6 scores better than 8...Bb4+.} 9. Nc3 O-O 10. Be3 {C54: Giuoco Piano: 4 c3 Nf6, main lines with 5 d4 and 5 d3.} Ne7 11. Bd3 Nxc3 12. bxc3 {White is slightly better.} Bf5 13. Bg5 $5 {[%mdl 4] Exploring less charted territory.} Bxd3 14. Qxd3 Qd7 {[#]} 15. Nh4 $146 {[%cal Bf3h4,Bh4f5,Bf5g7][%mdl 32]} ({Predecessor:} 15. O-O Rfe8 16. Nh4 c5 17. Bxe7 Qxe7 18. Nf5 Qe6 19. Nd6 Re7 20. f4 cxd4 21. cxd4 {1-0 Jarmula,L (2466)-Chomczyk,M (2282) Warsaw-ch 68th 2019 (2)}) 15... c5 16. O-O cxd4 17. cxd4 Nc6 ({Black should try} 17... Rac8 $14) 18. Nf5 $16 {White is more active.} Qe6 $2 {[#] Black cannot hold the game after this.} (18... Kh8 $16) 19. Bf6 $1 $18 {[%cal Od3g3]} Rfc8 $2 (19... Nxd4 20. Nxd4 Bxd4) 20. Nxg7 ({Not} 20. Qg3 g6 21. Qf4 (21. Nh6+ Kf8 $16) 21... Bd8 22. Nh6+ Kf8 $16) 20... Qg4 21. Nf5 {Intending Nh6+ and mate.} Qg6 {Dodges Nh6+} 22. Rac1 {[%cal Ba1c1,Bc1c3,Bc3g3][%mdl 32]} Re8 {[%cal Oc6d4]} 23. Qh3 {aiming for Nh4.} Bd8 24. Bxd8 Raxd8 25. Rc3 {Threatens to win with Rg3.} Kh8 26. Rg3 Qe6 27. Rg7 {[%csl Gg7][%cal Rh3h7]} h6 {[#]} 28. Rg4 $1 Rg8 29. Nxh6 {[%cal Rh6f7]} Rxg4 30. Nf5+ ({Weaker is} 30. Nxf7+ Kg7 31. Nxd8 Nxd8 $11) 30... Kg8 31. Qxg4+ Qg6 32. Qf4 Rd7 33. Re1 Ne7 34. Nh6+ Kg7 {[#]} 35. Nxf7 $1 {[%mdl 576] Hoping for e6. Remove Defender, Decoy} Qf5 {Dodges e6} (35... Nf5 36. Ng5) 36. Qh6+ {Artfully played by Wei.   Weighted Error Value: White=0.03 (flawless) /Black=0.77} 1-0

[Event "Chinese League Div-A Final-KO 2023"]
[Site "Xiongan"]
[Date "2023.12.03"]
[Round "2.19"]
[White "Song, Yuxin"]
[Black "Guo, Qi"]
[Result "1/2-1/2"]
[WhiteElo "2397"]
[BlackElo "2372"]
[Annotator "RC"]
[PlyCount "62"]
[EventDate "2023.12.02"]
[EventCountry "CHN"]
[SourceTitle "playchess.com"]
[Source "ChessBase"]
[SourceQuality "1"]

1. e4 e5 2. Nf3 Nc6 3. Bb5 Nf6 4. O-O Nxe4 5. Re1 Nd6 6. Nxe5 Be7 7. Bf1 Nxe5 8. Rxe5 O-O 9. d4 Bf6 10. Re1 Re8 11. c3 Rxe1 12. Qxe1 Ne8 13. Bf4 d5 14. Bd3 g6 15. Nd2 Ng7 16. Qe2 c6 17. Re1 Bf5 18. Bxf5 Nxf5 19. Nf3 Ng7 20. Be5 Ne6 21. Bxf6 Qxf6 22. Ne5 Re8 23. Ng4 Qd8 24. Qe5 Ng7 25. Qxe8+ Nxe8 26. Rxe8+ Qxe8 27. Nf6+ Kf8 28. Nxe8 Kxe8 29. f4 f5 30. Kf2 Ke7 31. b4 b5 1/2-1/2

[Event "Chinese League Div-A Final-KO 2023"]
[Site "Xiongan"]
[Date "2023.12.03"]
[Round "2.20"]
[White "Shen, Yang"]
[Black "Li, Xueyi"]
[Result "1/2-1/2"]
[WhiteElo "2397"]
[BlackElo "2245"]
[Annotator "RC"]
[PlyCount "71"]
[EventDate "2023.12.02"]
[EventCountry "CHN"]
[SourceTitle "playchess.com"]
[Source "ChessBase"]
[SourceQuality "1"]

1. d4 d5 2. c4 e6 3. Nc3 c5 4. cxd5 exd5 5. Nf3 Nc6 6. dxc5 d4 7. Na4 Bxc5 8. Nxc5 Qa5+ 9. Bd2 Qxc5 10. Rc1 Qb6 11. e3 Nf6 12. Bc4 dxe3 13. Bxe3 Qb4+ 14. Bd2 Qe7+ 15. Qe2 Qxe2+ 16. Kxe2 O-O 17. Rhd1 Re8+ 18. Kf1 Be6 19. Bxe6 Rxe6 20. Bc3 Rae8 21. Nd4 Nxd4 22. Bxd4 a6 23. Rc7 b6 24. Bc3 Ne4 25. Be1 h5 26. f3 Nd6 27. Bb4 Nf5 28. Rdd7 Ne3+ 29. Kf2 Rg6 30. g3 Rf6 31. Re7 Rxe7 32. Bxe7 Ng4+ 33. Kg2 Ne3+ 34. Kf2 Ng4+ 35. Kg2 Ne3+ 36. Kf2 1/2-1/2

[Event "Chinese League Div-A Final-KO 2023"]
[Site "Xiongan"]
[Date "2023.12.03"]
[Round "2.21"]
[White "Li, Chao b"]
[Black "Xu, Xiangyu"]
[Result "1/2-1/2"]
[WhiteElo "2652"]
[BlackElo "2623"]
[Annotator "TA"]
[PlyCount "75"]
[EventDate "2023.12.02"]
[EventCountry "CHN"]
[SourceTitle "playchess.com"]
[Source "ChessBase"]
[SourceQuality "1"]

{[%evp 20,75,0,27,26,-11,5,0,0,0,0,0,0,0,0,0,0,0,0,0,0,0,0,2,1,4,8,8,8,11,8,0,0,0,0,0,0,0,0,0,0,0,0,0,0,0,0,0,0,0,0,0,0,0,0,0,0,0]} 1. e4 e5 2. Nf3 Nf6 3. Nxe5 d6 4. Nf3 Nxe4 5. d4 d5 6. Bd3 Nc6 7. O-O Be7 8. c4 Nb4 9. cxd5 Nxd3 10. Qxd3 Qxd5 11. Re1 Bf5 {C42: Petroff Defence: 3 Nxe5 and unusual White 3rd moves.} 12. Nbd2 Nxd2 {The position is equal.} 13. Qxd2 Be6 14. Re5 Qd7 15. d5 Bg4 16. Qb4 Bxf3 17. gxf3 {[#] Threatens to win with Bg5.} f6 {Dodges Bg5} 18. Re4 Kf7 19. Qxb7 {[%cal Od5d6] aiming for d6!} Bd6 20. Bf4 Rhb8 21. Qa6 Qb5 22. Qxb5 Rxb5 23. Rc1 g5 24. Bxd6 cxd6 $11 {[%mdl 4096] [#] Endgame KRR-KRR} 25. Rc2 $146 ({Predecessor:} 25. b3 Rxd5 26. f4 h6 27. Rc2 Kg6 28. fxg5 hxg5 29. h4 Rh8 30. hxg5 Rxg5+ 31. Kf1 Rd5 32. Ra4 a5 33. Rcc4 Rh7 {½-½ Vysotskiy,E (1925)-Hoehne,V (1873) CP-2014-P-00010}) 25... Rxd5 26. f4 h6 27. fxg5 hxg5 28. h4 gxh4 29. Rxh4 a5 30. Rh7+ Kg6 31. Rh3 Rb8 32. Kg2 Rb4 33. Rg3+ Rg5 34. Rxg5+ Kxg5 35. Rd2 a4 36. b3 axb3 37. axb3 Rxb3 38. Rxd6 {An interesting draw.   Weighted Error Value: White=0.02 (flawless) /Black=0.00 (flawless)} 1/2-1/2

[Event "Chinese League Div-A Final-KO 2023"]
[Site "Xiongan"]
[Date "2023.12.03"]
[Round "2.22"]
[White "Li, Di"]
[Black "Xiu, Deshun"]
[Result "1/2-1/2"]
[WhiteElo "2568"]
[BlackElo "2510"]
[Annotator "ChessBase"]
[PlyCount "140"]
[EventDate "2023.12.02"]
[EventCountry "CHN"]
[SourceTitle "playchess.com"]
[Source "ChessBase"]
[SourceQuality "1"]

1. e4 e5 2. Nf3 Nc6 3. Bc4 Bc5 4. d3 Nf6 5. a4 d6 6. h3 h6 7. c3 a5 8. O-O O-O 9. Be3 Ba7 10. Nbd2 Ne7 11. Bxa7 Rxa7 12. d4 Ng6 13. Re1 Nh7 14. Re3 Ng5 15. dxe5 dxe5 16. h4 Nxf3+ 17. Nxf3 Qxd1+ 18. Rxd1 Bg4 19. Rd2 Re8 20. Nh2 Bc8 21. g3 Kf8 22. h5 Ne7 23. Rf3 f6 24. Rfd3 Nc6 25. Nf3 Bg4 26. Nh4 Ne7 27. Ng6+ Nxg6 28. hxg6 Ke7 29. Bf7 Rf8 30. f3 Bc8 31. f4 exf4 32. gxf4 Ra6 33. Kf2 Rc6 34. Ke3 b6 35. b4 axb4 36. cxb4 Rh8 37. f5 h5 38. Kf4 h4 39. Rh2 Rc1 40. Rdh3 Rf1+ 41. Ke3 Re1+ 42. Re2 Rb1 43. b5 Rb4 44. Kf2 Rxa4 45. Bd5 Bd7 46. Rc2 Ra7 47. Bc6 Bxc6 48. bxc6 Raa8 49. Rd2 Rad8 50. Rxd8 Rxd8 51. Rxh4 Kd6 52. Rh7 Rg8 53. Ke3 b5 54. Kf4 b4 55. e5+ fxe5+ 56. Kg5 b3 57. f6 gxf6+ 58. Kf5 Kxc6 59. Rh3 Rb8 60. g7 b2 61. Rh1 Kd5 62. Rb1 Rg8 63. Kxf6 c5 64. Rxb2 c4 65. Rb7 c3 66. Rd7+ Ke4 67. Rc7 Kd4 68. Rd7+ Ke3 69. Rc7 Kd4 70. Rd7+ Ke3 1/2-1/2

[Event "Chinese League Div-A Final-KO 2023"]
[Site "Xiongan"]
[Date "2023.12.03"]
[Round "2.23"]
[White "Peng, Hongchi"]
[Black "Zhao, Yuanhe"]
[Result "1/2-1/2"]
[WhiteElo "2396"]
[BlackElo "2462"]
[Annotator "RC"]
[PlyCount "59"]
[EventDate "2023.12.02"]
[EventCountry "CHN"]
[SourceTitle "playchess.com"]
[Source "ChessBase"]
[SourceQuality "1"]

1. d4 Nf6 2. c4 g6 3. Nc3 d5 4. Bg5 Ne4 5. h4 Bg7 6. e3 c5 7. cxd5 Nxc3 8. bxc3 cxd4 9. exd4 Qxd5 10. Nf3 h6 11. Be3 Nc6 12. Be2 Bg4 13. Qb3 Qxb3 14. axb3 O-O 15. Nd2 Bxe2 16. Kxe2 Rfd8 17. f4 h5 18. Rag1 e6 19. g4 hxg4 20. Rxg4 Rd5 21. Nf3 Rh5 22. Nd2 Ne7 23. Rg5 Nf5 24. Rxh5 gxh5 25. Ne4 Rc8 26. Bf2 b6 27. Rd1 Rd8 28. Rg1 Kf8 29. Kf3 Ke7 30. Rg5 1/2-1/2